01290nam a2200265 a 450000100100000000500170001000800410002702000180006804000250008608200230011124501550013426000600028930000210034949000400037050000210041059000250043160000470045665000380050370000480054191000370058995201350062695201200076195201260088199900170100700004348920240508073817.0140319s2014 dr ac 000 0 spa d a9789945586022 aDO-SdBNPbspacBNPHU aR 013.97293bC357b00aCatálogo de la Biblioteca Arístides Incháustegui (BAI) en el Archivo General de la Nación /ccuidado de la edición Blanca Delgado Malagón. aSanto Domingo :bArchivo General de la Nación,c2014. a592 p. ;c24 cm.1 aArchivo General de la Naciónv207 aIncluye índice aInventariado,2018/DG10aIncháustegui, Arístides,d1938-922936 4aCatálogos de bibliotecas9471581 aDelgado Malagón, Blancaeedición922928 aValidado. Control de calidad EMS 001054708DSaGRbGRcHDd2014-03-19iLF1l0oR013.97293 C357bp43489-30r2020-06-25te. 3w2020-06-25yLFDSZPréstamo en sala 0010718PDaPDbPDcHDd2014-03-19iLF1l0oR013.97293 C357bp43489-10r2020-06-25w2020-06-25yLFPDZNo se presta 0010718PDaPDbPDcHDd2014-03-19iLF1l0oR013.97293 C357bp43489-20r2020-06-25te. 2w2020-06-25yLFPDZNo se presta c42978d42978